000 00846cam a22001934a 4500
005 20250605163933.0
008 250528s ||||||||||||||||||||||||d
035 _a14749
020 _a534137695
040 _aGR-AtMCL
_bgre
_dGR-AtMCL
_eAACR2
245 1 _aI/O Psychology in Action / Exercises to Accompany Applied Industrial/ Organizational Psychology
260 _bWadsworth Publishing Company,
_c1991
300 _a252
520 _aStudent Edition Package. Experimental Designs, Writing a Job Description, Locating Test Information, Employee Recruitment, Letters of Recommendation, Evaluating Employee Performance, Needs Assessment: Person Analysis, Leadership Traits, Group Membership, Needs Theories, Horizontal Communication, Work Schedules.
700 1 _aAamont Michael G.
_9503
942 _cBK
999 _c369
_d369